[Event "Tradewise Gibraltar Masters 14th"]
[Site "Gibraltar"]
[Date "2016.01.31"]
[Round "6.96"]
[White "Burke, Mitchell R"]
[Black "Feldbacher, Harald"]
[Result "1/2-1/2"]
[WhiteElo "2002"]
[BlackElo "2121"]
[PlyCount "65"]
[EventDate "2016.01.26"]
[EventType "swiss"]
[EventRounds "10"]
[EventCountry "GGB"]
[Source "www.saund.co.uk"]
[SourceDate "2005.02.07"]

1. e4 c6 2. d4 d5 3. exd5 cxd5 4. c4 Nf6 5. Nc3 g6 6. Qb3 Bg7 7. cxd5 O-O 8.
Nge2 Nbd7 9. g3 Nb6 10. Bg2 Bf5 11. O-O Bd3 12. d6 exd6 13. Bxb7 Rb8 14. Bf3
Re8 15. Qd1 Ba6 16. Re1 Qd7 17. Qc2 Rbc8 18. Qd2 h6 19. Bg2 Nc4 20. Qc2 Re7 21.
b3 Nb6 22. Qd2 Rce8 23. Bb2 g5 24. h3 Nbd5 25. Ba3 Kh8 26. Rac1 Qe6 27. Nxd5
Nxd5 28. Bxd5 Qxd5 29. Nc3 Qf3 30. Rxe7 Rxe7 31. Qd1 Qf5 32. g4 Qe6 33. Bb2
1/2-1/2

[Event "Tradewise Gibraltar Masters 14th"]
[Site "Gibraltar"]
[Date "2016.01.31"]
[Round "6.97"]
[White "Marcos Herrero, Francisco"]
[Black "Amos, Frank"]
[Result "0-1"]
[WhiteElo "1982"]
[BlackElo "2118"]
[PlyCount "54"]
[EventDate "2016.01.26"]
[EventType "swiss"]
[EventRounds "10"]
[EventCountry "GGB"]
[Source "www.saund.co.uk"]
[SourceDate "2005.02.07"]

1. Nf3 g6 2. c4 Bg7 3. d4 d6 4. g3 Nc6 5. Bg2 Bg4 6. d5 Nb8 7. O-O Qd7 8. Re1
Nf6 9. Nc3 a5 10. Qc2 Na6 11. a3 Nc5 12. e4 a4 13. Bf4 O-O 14. Rac1 e5 15. dxe6
fxe6 16. Nd2 e5 17. Be3 Bh3 18. Bxc5 dxc5 19. Nf3 Bxg2 20. Kxg2 Nh5 21. h3 Rxf3
22. Kxf3 Qxh3 23. Rf1 Bh6 24. Rb1 Rf8+ 25. Ke2 Nxg3+ 26. fxg3 Qg2+ 27. Kd3 Rf3+
0-1

[Event "Tradewise Gibraltar Masters 14th"]
[Site "Gibraltar"]
[Date "2016.01.31"]
[Round "6.98"]
[White "Skutta, Bernd"]
[Black "Nordquelle, Daniel"]
[Result "1/2-1/2"]
[WhiteElo "1966"]
[BlackElo "2102"]
[PlyCount "39"]
[EventDate "2016.01.26"]
[EventType "swiss"]
[EventRounds "10"]
[EventCountry "GGB"]
[Source "www.saund.co.uk"]
[SourceDate "2005.02.07"]

1. d4 Nf6 2. Nf3 c5 3. d5 b5 4. Bg5 Qb6 5. e3 Bb7 6. Bxf6 gxf6 7. a4 a6 8. a5
Qc7 9. c4 b4 10. Bd3 d6 11. Nbd2 Nd7 12. Qc2 h6 13. O-O O-O-O 14. Nh4 Kb8 15.
f4 Ka7 16. Ndf3 Rg8 17. Bh7 Rh8 18. Bd3 Rg8 19. Bh7 Rh8 20. Bd3 1/2-1/2

[Event "Tradewise Gibraltar Masters 14th"]
[Site "Gibraltar"]
[Date "2016.01.31"]
[Round "6.99"]
[White "Weeramantry, Sunil"]
[Black "Vilarnovo Caamano, Jose"]
[Result "1-0"]
[WhiteElo "2099"]
[BlackElo "2043"]
[PlyCount "67"]
[EventDate "2016.01.26"]
[EventType "swiss"]
[EventRounds "10"]
[EventCountry "GGB"]
[Source "www.saund.co.uk"]
[SourceDate "2005.02.07"]

1. e4 c5 2. Nc3 Nc6 3. f4 e6 4. Nf3 g6 5. d4 cxd4 6. Nxd4 a6 7. Nxc6 bxc6 8.
Qd4 Nf6 9. e5 c5 10. Qd3 Nh5 11. Be2 Bb7 12. Bf3 Qh4+ 13. g3 Nxg3 14. hxg3
Qxg3+ 15. Ke2 c4 16. Qe3 Bc5 17. Bxb7 Bxe3 18. Bxe3 Rb8 19. Be4 f5 20. Rag1
Qxg1 21. Rxg1 fxe4 22. Bc1 O-O 23. Nxe4 Rb7 24. Nd6 Rc7 25. Bd2 Rc6 26. Ke3 Rb8
27. Bc3 Rf8 28. a3 Kg7 29. f5 exf5 30. e6+ Kg8 31. e7 Ra8 32. Rd1 Rb6 33. Kf4
a5 34. e8=Q+ 1-0

[Event "Tradewise Gibraltar Masters 14th"]
[Site "Gibraltar"]
[Date "2016.01.31"]
[Round "6.100"]
[White "Pabalan, Rocky"]
[Black "Goncalves, Jose Antonio Silvei"]
[Result "1-0"]
[WhiteElo "2089"]
[BlackElo "1984"]
[PlyCount "51"]
[EventDate "2016.01.26"]
[EventType "swiss"]
[EventRounds "10"]
[EventCountry "GGB"]
[Source "www.saund.co.uk"]
[SourceDate "2005.02.07"]

1. e4 e5 2. Nf3 Nc6 3. Bb5 a6 4. Ba4 Nf6 5. Qe2 b5 6. Bb3 Bc5 7. c3 d6 8. d3 h6
9. O-O O-O 10. Be3 Bxe3 11. fxe3 Na5 12. Bc2 c5 13. Nbd2 Qb6 14. Nh4 d5 15. Qf3
d4 16. h3 Rb8 17. Kh1 dxe3 18. Qxe3 Nh5 19. Nf5 Nf4 20. Ne7+ Kh8 21. Nd5 Nxd5
22. exd5 Qd6 23. Ne4 Qxd5 24. Rf6 Rd8 25. Rxh6+ Kg8 26. Qg5 1-0

[Event "Tradewise Gibraltar Masters 14th"]
[Site "Gibraltar"]
[Date "2016.01.31"]
[Round "6.101"]
[White "Lochte, Szilvia"]
[Black "De Rosa, Mariagrazia"]
[Result "0-1"]
[WhiteElo "1913"]
[BlackElo "2088"]
[PlyCount "46"]
[EventDate "2016.01.26"]
[EventType "swiss"]
[EventRounds "10"]
[EventCountry "GGB"]
[Source "www.saund.co.uk"]
[SourceDate "2005.02.07"]

1. d4 Nf6 2. Nf3 g6 3. g3 Bg7 4. Bg2 d6 5. O-O O-O 6. c4 Nc6 7. Nc3 a6 8. d5
Na5 9. Qd3 c5 10. e4 Rb8 11. Bd2 b5 12. b3 bxc4 13. bxc4 Bg4 14. Nh4 Nd7 15. f4
Nb6 16. f5 Nbxc4 17. Bf4 Bd4+ 18. Kh1 Ne5 19. Qc2 Nac4 20. Rab1 Qa5 21. Rxb8
Rxb8 22. Rb1 Rxb1+ 23. Nxb1 Qe1+ 0-1

[Event "Tradewise Gibraltar Masters 14th"]
[Site "Gibraltar"]
[Date "2016.01.31"]
[Round "6.102"]
[White "Carlsten, Peter"]
[Black "Lafortune, Emerick"]
[Result "1/2-1/2"]
[WhiteElo "2074"]
[BlackElo "1923"]
[PlyCount "96"]
[EventDate "2016.01.26"]
[EventType "swiss"]
[EventRounds "10"]
[EventCountry "GGB"]
[Source "www.saund.co.uk"]
[SourceDate "2005.02.07"]

1. e4 e5 2. d4 exd4 3. Qxd4 Nc6 4. Qe3 g6 5. Nc3 Bg7 6. Bd2 d6 7. O-O-O Nf6 8.
Bc4 O-O 9. f3 a6 10. g4 b5 11. Bb3 Na5 12. g5 Nxb3+ 13. axb3 Nd7 14. h4 c5 15.
Nge2 c4 16. bxc4 Nb6 17. b3 bxc4 18. b4 Rb8 19. Nf4 Bd7 20. Nfd5 Be6 21. Be1
Bxd5 22. Nxd5 Nxd5 23. Rxd5 Rb5 24. Rxb5 axb5 25. Bc3 f6 26. Qd4 Qe7 27. Qd5+
Qf7 28. Qxb5 fxg5 29. Bxg7 Kxg7 30. hxg5 Qxf3 31. Qd7+ Rf7 32. Qh3 Qf4+ 33. Kb1
Qxg5 34. Qxh7+ Kf8 35. Qh6+ Qxh6 36. Rxh6 Rg7 37. Kb2 Ke7 38. Kc3 g5 39. Rh3 g4
40. Rg3 Ke6 41. Kd4 Rg5 42. c3 Rg6 43. b5 Rg8 44. b6 Kd7 45. Kxc4 Kc6 46. Kd4
Kxb6 47. Kd5 Rg6 48. c4 Kc7 1/2-1/2

[Event "Tradewise Gibraltar Masters 14th"]
[Site "Gibraltar"]
[Date "2016.01.31"]
[Round "6.103"]
[White "Bajer, Renato"]
[Black "Kozarcanin, Sead"]
[Result "0-1"]
[WhiteElo "1890"]
[BlackElo "2073"]
[PlyCount "108"]
[EventDate "2016.01.26"]
[EventType "swiss"]
[EventRounds "10"]
[EventCountry "GGB"]
[Source "www.saund.co.uk"]
[SourceDate "2005.02.07"]

1. e4 e5 2. Nf3 Nc6 3. d4 exd4 4. Bc4 Nf6 5. e5 d5 6. Bb5 Ne4 7. Nxd4 Bd7 8.
Bxc6 bxc6 9. O-O Be7 10. f3 Nc5 11. Re1 Ne6 12. Nc3 Bc5 13. Be3 Bxd4 14. Bxd4
c5 15. Bf2 Bc6 16. Qd2 Qd7 17. Bh4 h6 18. f4 d4 19. Ne4 Bxe4 20. Rxe4 Qd5 21.
Rae1 g5 22. fxg5 hxg5 23. Bxg5 Rg8 24. Bh4 Qxa2 25. Qh6 Qd5 26. Qf6 Qd8 27.
Qxe6+ fxe6 28. Bxd8 Rxd8 29. Ra1 Rg5 30. Rxa7 Rd5 31. Rxc7 Rdxe5 32. Rxe5 Rxe5
33. Ra7 Rh5 34. g4 Re5 35. Kf2 Kd8 36. Rf7 c4 37. Rf4 Rd5 38. c3 e5 39. Re4 d3
40. Ke1 Rb5 41. Rxc4 Rxb2 42. h3 Re2+ 43. Kd1 e4 44. Rd4+ Ke7 45. c4 Ke6 46.
Rd5 Rh2 47. Rd8 Ke5 48. c5 Kf4 49. Rf8+ Ke3 50. Rf1 Re2 51. Kc1 Rc2+ 52. Kd1
Rxc5 53. Re1+ Kd4 54. h4 e3 0-1

[Event "Tradewise Gibraltar Masters 14th"]
[Site "Gibraltar"]
[Date "2016.01.31"]
[Round "6.104"]
[White "Dasaolu, Rotimi"]
[Black "Kristinsson, Magnus"]
[Result "1-0"]
[WhiteElo "2060"]
[BlackElo "1776"]
[PlyCount "83"]
[EventDate "2016.01.26"]
[EventType "swiss"]
[EventRounds "10"]
[EventCountry "GGB"]
[Source "www.saund.co.uk"]
[SourceDate "2005.02.07"]

1. e4 c5 2. Nf3 d6 3. Bb5+ Bd7 4. Bxd7+ Qxd7 5. O-O Nc6 6. c3 Nf6 7. Qe2 e6 8.
Rd1 Be7 9. d4 Qc7 10. d5 Nd8 11. c4 O-O 12. Nc3 Nd7 13. Bf4 a6 14. h3 e5 15.
Bg3 f5 16. exf5 Rxf5 17. Rac1 Nf8 18. Qe4 Rf6 19. Nh2 Ng6 20. Ng4 Rf8 21. Re1
Bg5 22. Rcd1 Nf7 23. Qc2 Nfh8 24. Ne4 Bf4 25. h4 Bxg3 26. fxg3 Qd7 27. Qe2 h6
28. Ne3 b5 29. b3 Nf7 30. Rf1 b4 31. Qh5 Nfh8 32. Nf5 a5 33. Nfxd6 Ra6 34.
Rxf8+ Nxf8 35. Nb5 Rg6 36. Rf1 Nf7 37. Nxc5 Qd8 38. Ne4 Qb6+ 39. Kh2 Qe3 40.
Qf5 Nd6 41. Qxf8+ Kh7 42. Nbxd6 1-0

[Event "Tradewise Gibraltar Masters 14th"]
[Site "Gibraltar"]
[Date "2016.01.31"]
[Round "6.106"]
[White "Campbell, Charles"]
[Black "George, Lolomari Erekosima"]
[Result "0-1"]
[WhiteElo "2157"]
[BlackElo "1937"]
[PlyCount "73"]
[EventDate "2016.01.26"]
[EventType "swiss"]
[EventRounds "10"]
[EventCountry "GGB"]
[Source "www.saund.co.uk"]
[SourceDate "2005.02.07"]

1. e4 c6 2. d4 d5 3. exd5 cxd5 4. Bd3 Nc6 5. c3 Nf6 6. Nf3 Bg4 7. Bf4 e6 8.
Nbd2 Bd6 9. Bxd6 Qxd6 10. h3 Bh5 11. O-O O-O 12. Re1 Rab8 13. Qe2 Bg6 14. Ne5
Rfc8 15. f4 a6 16. g4 Re8 17. h4 Bxd3 18. Qxd3 Qe7 19. Qf3 Nd7 20. g5 f6 21.
Ng4 f5 22. Ne3 Qd6 23. h5 b5 24. a3 a5 25. b4 Nb6 26. Nb3 Nc8 27. Nc5 Re7 28.
Nd1 Ra8 29. Nf2 Nd8 30. Nfd3 Qb6 31. Nxe6 Nxe6 32. Qxd5 Raa7 33. Nc5 Kh8 34.
Qxf5 Nd6 35. Qg4 Nf8 36. f5 Rf7 37. Re8 0-1

[Event "Tradewise Gibraltar Masters 14th"]
[Site "Gibraltar"]
[Date "2016.01.31"]
[Round "6.107"]
[White "Boron, Anthony"]
[Black "Kandic, Milan"]
[Result "0-1"]
[WhiteElo "1915"]
[BlackElo "2109"]
[PlyCount "70"]
[EventDate "2016.01.26"]
[EventType "swiss"]
[EventRounds "10"]
[EventCountry "GGB"]
[Source "www.saund.co.uk"]
[SourceDate "2005.02.07"]

1. Nf3 c5 2. e4 a6 3. c4 Nc6 4. Nc3 Nf6 5. d4 cxd4 6. Nxd4 e5 7. Nc2 h6 8. Bd3
Bc5 9. Be3 d6 10. O-O Nd4 11. Qd2 Ng4 12. Nd5 Qh4 13. h3 Nxe3 14. fxe3 Nxc2 15.
Bxc2 O-O 16. Rf3 Be6 17. Raf1 Bxd5 18. Qxd5 Qe7 19. a3 a5 20. Kf2 Rac8 21. Ba4
Bb6 22. Ke2 Rc5 23. Qd3 Qc7 24. Bb5 Qe7 25. Rd1 Rd8 26. Rdf1 f6 27. Rg3 Rdc8
28. Rd1 Rd8 29. Rf1 Kh8 30. Kf2 f5 31. Kg1 f4 32. Rg6 Kh7 33. Rg4 h5 34. Rgxf4
exf4 35. Rxf4 Re5 0-1

[Event "Tradewise Gibraltar Masters 14th"]
[Site "Gibraltar"]
[Date "2016.01.31"]
[Round "6.108"]
[White "Slinger, Tony J"]
[Black "Biegel, Thomas"]
[Result "1/2-1/2"]
[WhiteElo "1915"]
[BlackElo "2069"]
[PlyCount "79"]
[EventDate "2016.01.26"]
[EventType "swiss"]
[EventRounds "10"]
[EventCountry "GGB"]
[Source "www.saund.co.uk"]
[SourceDate "2005.02.07"]

1. Nf3 d5 2. g3 Nf6 3. Bg2 c6 4. O-O Bf5 5. d3 h6 6. b3 e6 7. Bb2 Be7 8. Nbd2
O-O 9. Re1 Bh7 10. c4 Nbd7 11. a3 a5 12. Bc3 Qb6 13. d4 Ne4 14. Nxe4 Bxe4 15.
c5 Qc7 16. b4 b6 17. Nd2 axb4 18. axb4 Bg6 19. e4 dxe4 20. Nxe4 Rfd8 21. Qf3
Rxa1 22. Rxa1 Rc8 23. Qe2 Bxe4 24. Bxe4 Nf6 25. Bf3 b5 26. Ra6 Nd5 27. Bxd5
exd5 28. Qa2 Qd7 29. Bd2 Qf5 30. Be3 Qe6 31. Ra8 Rxa8 32. Qxa8+ Kh7 33. h3 Kg6
34. Kh2 Bf6 35. Qb7 Bg5 36. Bxg5 Kxg5 37. Qc7 Kf6 38. Qf4+ Kg6 39. Kg2 Kh7 40.
h4 1/2-1/2

[Event "Tradewise Gibraltar Masters 14th"]
[Site "Gibraltar"]
[Date "2016.01.31"]
[Round "6.109"]
[White "Winter, Kevin"]
[Black "Hamer, Martyn"]
[Result "0-1"]
[WhiteElo "1825"]
[BlackElo "2058"]
[PlyCount "90"]
[EventDate "2016.01.26"]
[EventType "swiss"]
[EventRounds "10"]
[EventCountry "GGB"]
[Source "www.saund.co.uk"]
[SourceDate "2005.02.07"]

1. e4 e5 2. Bc4 Nf6 3. d3 c6 4. Nf3 d5 5. Bb3 Bd6 6. Bg5 dxe4 7. dxe4 O-O 8.
O-O Qe7 9. Nbd2 Bc7 10. h3 Rd8 11. Qe2 Be6 12. Rad1 Nbd7 13. Bh4 Nc5 14. Bg3
Nxb3 15. Nxb3 Nd7 16. Nh4 g6 17. Nf3 b5 18. Qe3 Kg7 19. Nh4 c5 20. Nd2 c4 21.
Ndf3 f6 22. Nh2 Bb6 23. Qc1 Nc5 24. Rxd8 Rxd8 25. Re1 Rd4 26. N4f3 Rxe4 27. Rd1
Bf5 28. Nf1 c3 29. b3 Re2 30. Ne3 Ne4 31. Nxf5+ gxf5 32. Kh2 f4 33. Bxf4 exf4
34. Nh4 Kg8 35. Nf5 Qe5 36. Nh6+ Kg7 37. Ng4 Qe7 38. Rd3 Nxf2 39. Rxc3 Nxg4+
40. hxg4 Qe4 41. Qf1 a6 42. g5 fxg5 43. Rh3 Bc7 44. Rf3 g4 45. Rd3 f3+ 0-1

[Event "Tradewise Gibraltar Masters 14th"]
[Site "Gibraltar"]
[Date "2016.01.31"]
[Round "6.110"]
[White "Berrocal Ruiz, Valentin"]
[Black "Christophe-Hayot, Romain"]
[Result "1-0"]
[WhiteElo "2040"]
[BlackElo "1824"]
[PlyCount "165"]
[EventDate "2016.01.26"]
[EventType "swiss"]
[EventRounds "10"]
[EventCountry "GGB"]
[Source "www.saund.co.uk"]
[SourceDate "2005.02.07"]

1. d4 f5 2. g3 Nf6 3. Bg2 d5 4. Nh3 Be6 5. Ng5 Bg8 6. Qd3 Qd7 7. O-O g6 8. Bf4
Bg7 9. Nf3 c6 10. Nbd2 Qc8 11. Ne5 Nbd7 12. Ndf3 Nh5 13. Bd2 Nxe5 14. Nxe5 Be6
15. Qa3 Qc7 16. Bg5 Nf6 17. f3 O-O 18. Rfd1 Rfe8 19. c3 Nd7 20. Nd3 Bf6 21. Bf4
Qc8 22. Qb3 g5 23. Be3 Kg7 24. Bf2 Bf7 25. f4 h6 26. Ne5 e6 27. Nxf7 Kxf7 28.
Rac1 b5 29. Qc2 gxf4 30. gxf4 Rg8 31. Kh1 Qc7 32. e3 Rg7 33. Bf3 Rag8 34. Rg1
Nb6 35. b3 a5 36. Rxg7+ Rxg7 37. Rg1 Rxg1+ 38. Bxg1 Kf8 39. Qg2 Qg7 40. Qxg7+
Kxg7 41. Bf2 Kg6 42. Kg2 a4 43. Kf1 Be7 44. Be1 axb3 45. axb3 Nd7 46. c4 bxc4
47. bxc4 Ba3 48. Ke2 Nf6 49. c5 Bc1 50. h3 Kf7 51. Kd3 Nd7 52. Bf2 Ba3 53. Kc3
Nxc5 54. dxc5 Bxc5 55. Bh5+ Ke7 56. Bh4+ Kd7 57. Kd3 Bf8 58. Bf6 c5 59. Be5 Bd6
60. Bg7 d4 61. Bg6 Kc6 62. Bxh6 dxe3 63. Kxe3 Kd5 64. Bg7 Be7 65. Bh5 c4 66.
Bc3 Bh4 67. Bb4 Kc6 68. Be2 Kb5 69. Bc3 Kc5 70. Bf3 Be7 71. Bb7 Bd8 72. Kf3 Bh4
73. Bc8 Kd5 74. Ke3 Bd8 75. Be5 Bb6+ 76. Kf3 Ba5 77. Ba6 Be1 78. Bf6 Bb4 79. h4
Bd6 80. Bg7 e5 81. Bxc4+ Kxc4 82. fxe5 Bc5 83. h5 1-0

[Event "Tradewise Gibraltar Masters 14th"]
[Site "Gibraltar"]
[Date "2016.01.31"]
[Round "6.111"]
[White "Sajjadi, Kimiya"]
[Black "Suez-Panama, Gilles"]
[Result "1/2-1/2"]
[WhiteElo "1839"]
[BlackElo "2032"]
[PlyCount "145"]
[EventDate "2016.01.26"]
[EventType "swiss"]
[EventRounds "10"]
[EventCountry "GGB"]
[Source "www.saund.co.uk"]
[SourceDate "2005.02.07"]

1. d4 Nf6 2. c4 g6 3. Nc3 Bg7 4. e4 d6 5. Be2 O-O 6. f4 Na6 7. Nf3 c5 8. d5 Bg4
9. h3 Bd7 10. e5 Nh5 11. g4 Ng3 12. Rg1 Nxe2 13. Qxe2 Nc7 14. h4 b5 15. h5 bxc4
16. Qh2 dxe5 17. fxe5 Be8 18. Rh1 f6 19. hxg6 Bxg6 20. Nh4 Qe8 21. e6 Nxe6 22.
dxe6 Qc6 23. Nxg6 Qxe6+ 24. Ne5 Qxe5+ 25. Qxe5 fxe5 26. Ne4 Rab8 27. Ng5 Rf6
28. Ne4 Rg6 29. g5 Rbb6 30. Rh2 h6 31. Be3 hxg5 32. Bxc5 Rb7 33. O-O-O g4 34.
Rd8+ Kf7 35. Be3 g3 36. Rg2 Rg4 37. Nxg3 e4 38. Bd4 Bh6+ 39. Kc2 e3 40. Rd5 e6
41. Rh5 Kg6 42. Rhh2 Rd7 43. Ne2 Rxg2 44. Rxg2+ Kf5 45. Rg3 Ke4 46. Rg6 e5 47.
Bc3 Bf4 48. b3 cxb3+ 49. axb3 Kf3 50. Ng1+ Kf2 51. Nh3+ Kf3 52. Ng5+ Kf2 53.
Ne4+ Kf1 54. Ra6 e2 55. Ra1+ Kg2 56. Be1 Kf3 57. Nc3 Be3 58. Ra6 Bb6 59. Ra1
Bd4 60. b4 e4 61. Ra3 Rc7 62. Kb1 Bxc3 63. Kc2 e3 64. Rxc3 Rd7 65. Rd3 Rc7+ 66.
Kb3 Re7 67. Kc2 Kg2 68. Ra3 Rc7+ 69. Kb2 Kf1 70. Ra1 Rd7 71. Kc2 Rb7 72. Rb1
Rc7+ 73. Kb2 1/2-1/2

[Event "Tradewise Gibraltar Masters 14th"]
[Site "Gibraltar"]
[Date "2016.01.31"]
[Round "6.112"]
[White "Moradi, Kimia"]
[Black "Magnusdottir, Veronika Steinun"]
[Result "1-0"]
[WhiteElo "2024"]
[BlackElo "1762"]
[PlyCount "83"]
[EventDate "2016.01.26"]
[EventType "swiss"]
[EventRounds "10"]
[EventCountry "GGB"]
[Source "www.saund.co.uk"]
[SourceDate "2005.02.07"]

1. e4 c5 2. c3 d5 3. exd5 Qxd5 4. d4 g6 5. Nf3 Bg7 6. Be3 Nf6 7. Na3 cxd4 8.
Nb5 Na6 9. Nbxd4 O-O 10. Bxa6 bxa6 11. Qa4 Qe4 12. Qc6 Rb8 13. Qxe4 Nxe4 14.
O-O-O Bd7 15. Nb3 Ba4 16. Bxa7 Rb7 17. Be3 Bxb3 18. axb3 Rxb3 19. Nd2 Nxd2 20.
Rxd2 Rfb8 21. Rhd1 f5 22. Rd8+ Kf7 23. Rxb8 Rxb8 24. Rd3 Rb5 25. Rd7 h6 26. Ra7
a5 27. Ra6 g5 28. Bb6 a4 29. Kc2 Bf8 30. c4 Rb4 31. c5 e6 32. Kc3 Rb3+ 33. Kc2
Rb4 34. Kd3 Rxb2 35. c6 Rb3+ 36. Kc2 Bg7 37. Ra7+ Kg6 38. Rxg7+ Kxg7 39. Bd4+
Kf7 40. c7 Rb4 41. Kd3 Rb3+ 42. Bc3 1-0

[Event "Tradewise Gibraltar Masters 14th"]
[Site "Gibraltar"]
[Date "2016.01.31"]
[Round "6.113"]
[White "Mrabti, Yahya"]
[Black "Lindqvist, Roland"]
[Result "0-1"]
[WhiteElo "1780"]
[BlackElo "2018"]
[PlyCount "76"]
[EventDate "2016.01.26"]
[EventType "swiss"]
[EventRounds "10"]
[EventCountry "GGB"]
[Source "www.saund.co.uk"]
[SourceDate "2005.02.07"]

1. e4 e5 2. Nf3 Nc6 3. d4 exd4 4. Nxd4 Qh4 5. Nc3 Bb4 6. Ndb5 Qxe4+ 7. Be2
Bxc3+ 8. Nxc3 Nge7 9. O-O Qd4 10. Bd3 a6 11. Re1 Kd8 12. Qh5 g6 13. Qg5 h6 14.
Qg3 d6 15. Re4 Qg7 16. Bf4 Nf5 17. Qf3 g5 18. Bd2 Nfd4 19. Qg3 f5 20. Ree1 Rg8
21. Qe3 f4 22. Qe4 Bf5 23. Qd5 Bxd3 24. cxd3 Nc2 25. Ne4 Nxa1 26. Bc3 Qg6 27.
Bf6+ Kc8 28. Nxd6+ cxd6 29. Qxd6 Qf7 30. Rxa1 Rg6 31. Re1 Rxf6 32. Qc5 Re6 33.
Rc1 Qe7 34. Qf5 Kb8 35. h3 Re1+ 36. Rxe1 Qxe1+ 37. Kh2 Qxf2 38. b4 f3 0-1

[Event "Tradewise Gibraltar Masters 14th"]
[Site "Gibraltar"]
[Date "2016.01.31"]
[Round "6.116"]
[White "Harding, Tim D"]
[Black "Chidi, Lovinia Sylvia"]
[Result "1/2-1/2"]
[WhiteElo "2006"]
[BlackElo "1780"]
[PlyCount "81"]
[EventDate "2016.01.26"]
[EventType "swiss"]
[EventRounds "10"]
[EventCountry "GGB"]
[Source "www.saund.co.uk"]
[SourceDate "2005.02.07"]

1. d4 Nf6 2. Nc3 d6 3. e4 g6 4. Be3 Bg7 5. f3 O-O 6. Qd2 e5 7. d5 c5 8. h4 Nh5
9. Nge2 f5 10. g3 Nxg3 11. Nxg3 f4 12. Bxc5 dxc5 13. Nge2 a6 14. O-O-O b5 15.
Bh3 Bxh3 16. Rxh3 Qd6 17. Rdh1 Nd7 18. Nd1 Nf6 19. Nf2 a5 20. Kb1 c4 21. R3h2
b4 22. c3 Rfb8 23. Nh3 Bh6 24. Ng5 Bxg5 25. hxg5 Nh5 26. Rc1 b3 27. a3 Ra7 28.
Ng1 Rbb7 29. Nh3 Re7 30. Nf2 Rg7 31. Rg1 Rac7 32. Ng4 Kf8 33. Qf2 Ke8 34. Kc1
Kd8 35. Rd1 Kc8 36. Rg2 Kb7 37. Rh2 Rgf7 38. Nh6 Rg7 39. Ng4 Rcf7 40. Qf1 Rc7
41. Qf2 1/2-1/2

[Event "Tradewise Gibraltar Masters 14th"]
[Site "Gibraltar"]
[Date "2016.01.31"]
[Round "6.117"]
[White "Savage, Neil"]
[Black "Gravett, Alan D"]
[Result "1-0"]
[WhiteElo "1689"]
[BlackElo "1884"]
[PlyCount "41"]
[EventDate "2016.01.26"]
[EventType "swiss"]
[EventRounds "10"]
[EventCountry "GGB"]
[Source "www.saund.co.uk"]
[SourceDate "2005.02.07"]

1. e4 c5 2. Nc3 Nc6 3. f4 d6 4. Nf3 g6 5. Bc4 e6 6. O-O Bg7 7. d3 Nge7 8. Qe1
O-O 9. Kh1 a6 10. f5 exf5 11. Qh4 fxe4 12. dxe4 d5 13. Bh6 dxe4 14. Ng5 Nf5 15.
Rxf5 gxf5 16. Bxg7 Kxg7 17. Qxh7+ Kf6 18. Nd5+ Kxg5 19. h4+ Kg4 20. Qg7+ Kxh4
21. g3+ 1-0

[Event "Tradewise Gibraltar Masters 14th"]
[Site "Gibraltar"]
[Date "2016.01.31"]
[Round "6.118"]
[White "Schimmer, Michael"]
[Black "Tarr, Steve F"]
[Result "1-0"]
[WhiteElo "1782"]
[BlackElo "1779"]
[PlyCount "43"]
[EventDate "2016.01.26"]
[EventType "swiss"]
[EventRounds "10"]
[EventCountry "GGB"]
[Source "www.saund.co.uk"]
[SourceDate "2005.02.07"]

1. e4 c5 2. Nf3 d6 3. d4 cxd4 4. Qxd4 Nc6 5. Bb5 Bd7 6. Bxc6 Bxc6 7. Nc3 Nf6 8.
Bg5 e6 9. O-O-O Be7 10. Qd3 O-O 11. Nd4 Rc8 12. Kb1 Qa5 13. h4 Rfe8 14. f3 d5
15. e5 Nd7 16. f4 Nc5 17. Qg3 Ne4 18. Nxe4 dxe4 19. f5 Bc5 20. Bf6 Bf8 21. Bxg7
exf5 22. Bf6+ 1-0

[Event "Tradewise Gibraltar Masters 14th"]
[Site "Gibraltar"]
[Date "2016.01.31"]
[Round "6.119"]
[White "Beadle, John R"]
[Black "Joachim, Rodny"]
[Result "0-1"]
[WhiteElo "1560"]
[BlackElo "1659"]
[PlyCount "38"]
[EventDate "2016.01.26"]
[EventType "swiss"]
[EventRounds "10"]
[EventCountry "GGB"]
[Source "www.saund.co.uk"]
[SourceDate "2005.02.07"]

1. e4 e5 2. Nf3 Nc6 3. Bc4 Nf6 4. Nc3 Be7 5. O-O O-O 6. a3 Nxe4 7. Bxf7+ Rxf7
8. Nxe4 d5 9. Ng3 Bg4 10. d3 Nd4 11. h3 Nxf3+ 12. gxf3 Bxf3 13. Qe1 Qd7 14. Kh2
e4 15. dxe4 dxe4 16. Nxe4 Bd6+ 17. Ng3 Re8 18. Qa5 Rf5 19. Qxa7 Rh5 0-1

[Event "Tradewise Gibraltar Masters 14th"]
[Site "Gibraltar"]
[Date "2016.02.01"]
[Round "7.1"]
[White "Ragger, Markus"]
[Black "Vachier-Lagrave, Maxime"]
[Result "1/2-1/2"]
[WhiteElo "2689"]
[BlackElo "2785"]
[PlyCount "67"]
[EventDate "2016.01.26"]
[EventType "swiss"]
[EventRounds "10"]
[EventCountry "GGB"]
[Source "www.saund.co.uk"]
[SourceDate "2005.02.07"]

1. d4 Nf6 2. c4 g6 3. Nc3 d5 4. cxd5 Nxd5 5. e4 Nxc3 6. bxc3 Bg7 7. Nf3 c5 8.
Rb1 O-O 9. Be2 cxd4 10. cxd4 Qa5+ 11. Bd2 Qxa2 12. O-O Bg4 13. Bg5 h6 14. Bh4
a5 15. Rxb7 g5 16. Bg3 a4 17. h3 Bxf3 18. Bxf3 Nc6 19. e5 Qc4 20. Rb2 Qxd4 21.
Qxd4 Nxd4 22. Bxa8 Rxa8 23. Rfb1 Ra5 24. Ra2 a3 25. f3 Bxe5 26. Bxe5 Rxe5 27.
Rxa3 Ne2+ 28. Kf2 Nf4 29. Rb2 h5 30. Rd2 h4 31. Re3 Rxe3 32. Kxe3 f6 33. Kf2
Kf7 34. Ra2 1/2-1/2

[Event "Tradewise Gibraltar Masters 14th"]
[Site "Gibraltar"]
[Date "2016.02.01"]
[Round "7.2"]
[White "Bruzon Batista, Lazaro"]
[Black "Harikrishna, Pentala"]
[Result "1/2-1/2"]
[WhiteElo "2666"]
[BlackElo "2755"]
[PlyCount "57"]
[EventDate "2016.01.26"]
[EventType "swiss"]
[EventRounds "10"]
[EventCountry "GGB"]
[Source "www.saund.co.uk"]
[SourceDate "2005.02.07"]

1. e4 e6 2. d4 d5 3. Nd2 c5 4. Ngf3 cxd4 5. Nxd4 Nf6 6. exd5 Nxd5 7. N2f3 Bb4+
8. Bd2 O-O 9. c4 e5 10. Nc2 Bxd2+ 11. Qxd2 Nf6 12. Qxd8 Rxd8 13. Nxe5 Re8 14.
f4 Ng4 15. Be2 Nxe5 16. fxe5 Nc6 17. O-O-O Nxe5 18. Rhe1 Bd7 19. b3 Bc6 20. g3
Nf3 21. Bxf3 Bxf3 22. Rxe8+ Rxe8 23. Rd7 Kf8 24. Nd4 Bg2 25. Kd2 Re7 26. Rd8+
Re8 27. Rd7 Re7 28. Rd8+ Re8 29. Rd7 1/2-1/2